|
|
|
|
| LEADER |
00000cab a2200000 a 4500 |
| 001 |
vtls011146115 |
| 003 |
SK-MaSNL |
| 005 |
20260305022023.0 |
| 008 |
230222|1993 xo |||||||||||||||||slo| |
| 015 |
|
|
|a SNBRB
|
| 035 |
|
|
|a (urnnbn)urn:nbn:sk:snk:ar-008kux
|
| 035 |
|
|
|a (uuid)eb67fbd5-391f-48ac-a3dc-c574f3a70c7b
|
| 035 |
|
|
|a urn:nbn:sk:snk-abawr8
|
| 040 |
|
|
|a SNKBUCL
|b slo
|c SNKBUCL
|e AACR2
|
| 041 |
0 |
|
|a slo
|
| 044 |
|
|
|a xo
|c SK
|
| 072 |
|
7 |
|a 811.162.4
|x Slovenčina
|2 konspekt
|
| 080 |
|
|
|a 811.162.4
|2 2011
|
| 080 |
|
|
|a 81`0
|2 2011
|
| 100 |
1 |
|
|a Krajčovič, Rudolf,
|d 1927-2014
|4 aut
|9 184229
|
| 245 |
1 |
0 |
|a Genéza slovenčiny a aspekt historiografický
|c Rudolf Krajčovič
|
| 650 |
0 |
7 |
|a slovenčina
|2 SNKPH
|9 1350
|
| 650 |
0 |
7 |
|a vývoj jazyka
|2 SNKPH
|9 68207
|
| 650 |
0 |
7 |
|a historiografia
|2 SNKPH
|9 3848
|
| 655 |
|
7 |
|a štúdie
|2 SNKPH
|9 57033
|
| 773 |
0 |
|
|t Zborník Filozofickej fakulty Univerzity Komenského
|g Roč. 41, č. 1 (1993), s. 91-101
|
| 954 |
|
|
|a odborná, vedecká literatúra pôvodná (slovenská)
|2 lita
|
| 958 |
|
|
|a OND
|
| 958 |
|
|
|a EUIPO
|
| 958 |
|
|
|a article14
|
| 999 |
|
|
|c 3288661
|d 3290591
|